logo

Bir Sreshtho Munshi Abdur Rouf Library
Jhenaidah Cadet College

গণদেবতা / (Record no. 1518)

MARC details
000 -LEADER
fixed length control field 00726nam a2200229 a 4500
001 - CONTROL NUMBER
JCCL Control Number 1518
003 - CONTROL NUMBER IDENTIFIER
JCCL marc code BD-JhCC
005 - DATE AND TIME OF LATEST TRANSACTION
control field 20171021113922.0
008 - FIXED-LENGTH DATA ELEMENTS--GENERAL INFORMATION
fixed length control field 171021s2012 bg |||| |||| 00| 0 ben d
020 ## - INTERNATIONAL STANDARD BOOK NUMBER
International Standard Book Number 9789848964156
035 ## - SYSTEM CONTROL NUMBER
system control number (BD-JhCC)1518
040 ## - CATALOGING SOURCE
Original cataloging agency BD-JhCC
Modifying agency BD-JhCC
041 ## - LANGUAGE CODE
Language code of Book eng
082 ## - DEWEY DECIMAL CLASSIFICATION NUMBER
Classification number 891.443
Author mark and Year BAN 2012
100 ## - MAIN ENTRY--PERSONAL NAME
Personal name বন্ধ্যোপাধ্যায়, তারাশঙ্কর
245 ## - TITLE STATEMENT
Title গণদেবতা /
Statement of responsibility, etc তারাশঙ্কর বন্দ্যোপাধ্যায়
260 ## - PUBLICATION, DISTRIBUTION, ETC. (IMPRINT)
Place of publication, distribution, etc ঢাকা :
Name of publisher, distributor, etc হাওলাদার প্রকাশনী,
Date of publication, distribution, etc 2012
300 ## - PHYSICAL DESCRIPTION
Pagination 288 p. :
Dimensions 21 cm.
650 ## - SUBJECT ADDED ENTRY--TOPICAL TERM
Topical term or geographic name as entry element Bengali Novel
942 ## - ADDED ENTRY ELEMENTS (KOHA)
Source of classification or shelving scheme Dewey Decimal Classification
Koha item type Books
Holdings
Source of classification or shelving scheme Damaged status Not for loan Home library Current library Shelving location Date of accession Source of acquisition Cost, normal purchase price Total Checkouts Full call number Barcode Date last seen Date checked out Copy number Koha item type Method of acquisition Currency
Dewey Decimal Classification     JCC Rouf Library JCC Rouf Library General Stacks 10/21/2017 আবু দাউদ খান ২৫ তম ইনটেক 275.00 3 891.443 BAN 2012 2729 02/09/2026 11/04/2025 C-1 Books    
Dewey Decimal Classification     JCC Rouf Library JCC Rouf Library General Stacks     350.00 1 891.443 BAN 2012 18941 06/03/2024 04/29/2024 C-2 Books Purchase BDT
Dewey Decimal Classification     JCC Rouf Library JCC Rouf Library General Stacks     350.00 2 891.443 BAN 2012 18942 09/02/2025 05/22/2025 C-3 Books Purchase BDT

JCC Library | Contacts | JCC Home

Last Update on 23 September 2017
Copyright @ 2017-2020 JCC Rouf Library
Rouf Library, Jhenidah Cadet College (JCC), Bangladesh